Statystyki dla Państwa o najwyższym PKB na mieszkańca z każdego kontynentu

Kliknij tutaj aby rozwiązać quiz!

Ogólne statystyki

  • Ten quiz został rozwiązany 98 razy
  • Średni wynik to 4 z 6

Statystyki odpowiedzi

Kontynent:Państwo% Poprawnych
Ameryka PółnocnaStany Zjednoczone
97%
Australia i OceaniaAustralia
88%
EuropaMonako
74%
Ameryka PołudniowaUrugwaj
70%
AzjaKatar
67%
AfrykaSeszele
42%

Rozkład punktacji

Percentyl według liczby udzielonych odpowiedzi

Procent ludzi z każdym wynikiem

Twoja historia wyników

Nie rozwiązałeś tego quizu